[Event "Stuttgart-chA int"]
[Site "Ditzingen"]
[Date "2014.05.30"]
[Round "5"]
[White "Marano, Salvatore"]
[Black "Doelker, Kai"]
[Result "0-1"]
[WhiteElo "1943"]
[BlackElo "1907"]
[PlyCount "66"]
[EventDate "2014.05.29"]
[EventType "swiss"]
[EventRounds "7"]
[EventCountry "GER"]
[SourceTitle "EXT 2015"]
[Source "ChessBase"]
[SourceDate "2014.11.20"]
[SourceVersion "1"]
[SourceVersionDate "2014.11.20"]
[SourceQuality "1"]

1. e4 c5 2. a3 Nc6 3. b4 cxb4 4. axb4 Nxb4 5. c3 Nc6 6. d4 d5 7. exd5 Qxd5 8. Na3 e5 9. Nb5 Bd6 10. Bc4 Qe4+ 11. Ne2 Bb8 12. 0-0 Nge7 13. f3 Qg6 14. d5 Nd8 15. Kh1 0-0 16. Ba3 Nf5 17. Bd3 Re8 18. Bxf5 Bxf5 19. c4 Bd7 20. Nec3 b6 21. d6 Qe6 22. Qd5 Bc6 23. Qxe6 Nxe6 24. Rfd1 Rd8 25. Nd5 Bxb5 26. Ne7+ Kh8 27. cxb5 Nd4 28. Rxd4 exd4 29. Nc6 Rd7 30. Re1 Bxd6 31. Bxd6 Rxd6 32. Nxa7 Re6 33. Rc1 d3 0-1

[Event "Stuttgart-chB int"]
[Site "Ditzingen"]
[Date "2012.05.19"]
[Round "6"]
[White "Mayer, Markus1111"]
[Black "Doelker, Kai"]
[Result "0-1"]
[WhiteElo "1599"]
[BlackElo "1865"]
[PlyCount "80"]
[EventDate "2012.05.17"]
[EventType "swiss"]
[EventRounds "7"]
[EventCountry "GER"]
[SourceTitle "EXT 2018"]
[Source "ChessBase"]
[SourceDate "2017.10.13"]
[SourceVersion "1"]
[SourceVersionDate "2017.10.13"]
[SourceQuality "1"]

1. d4 Nf6 2. c4 e6 3. Nc3 Bb4 4. Qc2 d5 5. Bg5 c6 6. Nf3 Nbd7 7. Nd2 Qc7 8. e3 0-0 9. a3 Bxc3 10. bxc3 e5 11. dxe5 Qxe5 12. Bf4 Qe7 13. Qf5 Nc5 14. Qg5 Nce4 15. Nxe4 dxe4 16. Be2 Rd8 17. 0-0 Rd2 18. Rfe1 Be6 19. f3 h6 20. Qh4 Bf5 21. Qf2 Rad8 22. g4 exf3 23. gxf5 Rxe2 24. Rxe2 fxe2 25. Qxe2 Qe4 26. Rf1 Qxf5 27. Qg2 Qg4 28. Bxh6 Rd3 29. e4 Qxg2+ 30. Kxg2 Nxe4 31. Re1 Nxc3 32. Re8+ Kh7 33. Bf4 Rd4 34. Bb8 Rxc4 35. Bxa7 Nb5 36. Bb8 Nxa3 37. Re7 b5 38. Rxf7 Kg6 39. Rc7 Kf6 40. Ba7 Nc2 0-1

[Event "Stuttgart-chB int"]
[Site "Ditzingen"]
[Date "2012.05.18"]
[Round "4"]
[White "Kim, Vladimir"]
[Black "Doelker, Kai"]
[Result "1-0"]
[WhiteElo "1826"]
[BlackElo "1865"]
[PlyCount "105"]
[EventDate "2012.05.17"]
[EventType "swiss"]
[EventRounds "7"]
[EventCountry "GER"]
[SourceTitle "EXT 2018"]
[Source "ChessBase"]
[SourceDate "2017.10.13"]
[SourceVersion "1"]
[SourceVersionDate "2017.10.13"]
[SourceQuality "1"]

1. f4 d5 2. b3 c5 3. Nf3 Nf6 4. Bb2 Nc6 5. e3 e6 6. Be2 Be7 7. 0-0 0-0 8. Ne5 Nd7 9. Bb5 Qc7 10. Qh5 Bf6 11. Nxd7 Bxb2 12. Nxf8 Kxf8 13. Nc3 Bxa1 14. Rxa1 h6 15. g4 Ne7 16. g5 Ng8 17. Bd3 g6 18. Qf3 h5 19. e4 d4 20. Ne2 Ne7 21. h4 Kg7 22. Ng3 Bd7 23. Rf1 Rf8 24. f5 exf5 25. exf5 Nxf5 26. Nxf5+ Bxf5 27. Bxf5 gxf5 28. Kg2 Qe5 29. Qxf5 Qxf5 30. Rxf5 b6 31. Re5 f6 32. gxf6+ Kg6 33. Re7 Rf7 34. Rxf7 Kxf7 35. Kf3 Kxf6 36. Kf4 b5 37. a3 a5 38. Ke4 a4 39. bxa4 bxa4 40. c3 dxc3 41. dxc3 c4 42. Kf4 Ke6 43. Kg5 Ke5 44. Kxh5 Ke4 45. Kg5 Kd3 46. h5 Kxc3 47. h6 Kb3 48. h7 c3 49. h8Q c2 50. Qa1 Kc4 51. Kf4 Kd3 52. Qc1 Kc3 53. Ke3 1-0

[Event "Stuttgart-chB int"]
[Site "Gerlingen"]
[Date "2011.06.04"]
[Round "6"]
[White "Rieder, Josef"]
[Black "Doelker, Kai"]
[Result "0-1"]
[WhiteElo "1851"]
[BlackElo "1742"]
[PlyCount "58"]
[EventDate "2011.06.02"]
[EventType "swiss"]
[EventRounds "7"]
[EventCountry "GER"]
[SourceTitle "EXT 2018"]
[Source "ChessBase"]
[SourceDate "2017.10.13"]
[SourceVersion "1"]
[SourceVersionDate "2017.10.13"]
[SourceQuality "1"]

1. e4 c5 2. Nf3 d6 3. d4 cxd4 4. Nxd4 Nf6 5. Nc3 g6 6. Bc4 Bg7 7. 0-0 0-0 8. h3 Nc6 9. Be3 Bd7 10. a3 Rc8 11. Ba2 a6 12. Kh2 Ne5 13. Qc1 Re8 14. f3 Nc4 15. Bf2 Nh5 16. Nde2 Qc7 17. Nd5 Qa5 18. b4 Qxa3 19. Qxa3 Nxa3 20. c3 Bb5 21. Rfe1 Nc2 22. g4 Nxa1 23. gxh5 Nc2 24. Rc1 Bxe2 25. Rxc2 Bxf3 26. Nb6 Rxc3 27. Rxc3 Bxc3 28. hxg6 hxg6 29. Nd5 Be5+ 0-1

[Event "Stuttgart-chB int"]
[Site "Ditzingen"]
[Date "2010.05.14"]
[Round "4"]
[White "Doelker, Kai"]
[Black "Sievers, Gerda"]
[Result "1-0"]
[WhiteElo "1540"]
[BlackElo "1206"]
[PlyCount "111"]
[EventDate "2010.05.13"]
[EventType "swiss"]
[EventRounds "7"]
[EventCountry "GER"]
[SourceTitle "EXT 2018"]
[Source "ChessBase"]
[SourceDate "2017.10.13"]
[SourceVersion "1"]
[SourceVersionDate "2017.10.13"]
[SourceQuality "1"]

1. d4 f5 2. c4 e6 3. Nc3 Nf6 4. Bg5 Be7 5. e3 0-0 6. Nf3 d6 7. Be2 c6 8. 0-0 Qe8 9. b4 Nbd7 10. Qb3 h6 11. Bxf6 Bxf6 12. c5 d5 13. b5 Bd8 14. a4 Kh8 15. a5 a6 16. bxc6 bxc6 17. Rfb1 Rb8 18. Qa4 Rxb1+ 19. Rxb1 Nf6 20. Ne5 Bd7 21. Rb8 Kh7 22. Bxa6 Qe7 23. Rb7 Qe8 24. Nxd7 Nxd7 25. Qxc6 Nf6 26. Qxe8 Rxe8 27. Bb5 Rf8 28. a6 Ba5 29. a7 Ra8 30. Na4 Ne4 31. Nb6 Bxb6 32. cxb6 Rc8 33. Rc7 Ra8 34. b7 Rxa7 35. b8Q Ra1+ 36. Bf1 Nd2 37. Qb5 Rxf1+ 38. Qxf1 Nxf1 39. Kxf1 Kg6 40. g3 Kf6 41. f4 g5 42. h4 gxh4 43. gxh4 h5 44. Ke2 Kg6 45. Kd2 Kf6 46. Kc3 Kg6 47. Kb4 Kf6 48. Kc5 Kg6 49. Kd6 Kf6 50. Ra7 Kg6 51. Kxe6 Kh6 52. Ra8 Kg7 53. Ke7 Kg6 54. Rg8+ Kh6 55. Kf7 Kh7 56. Ra8 1-0

[Event "GER-chT U12"]
[Site "Verden an der Aller"]
[Date "2007.12.29"]
[Round "5.2"]
[White "Doelker, Kai"]
[Black "Mueller, Maiko"]
[Result "1-0"]
[WhiteElo "1221"]
[BlackElo "1208"]
[PlyCount "113"]
[EventDate "2007.12.27"]
[EventType "team-swiss"]
[EventRounds "7"]
[EventCountry "GER"]
[SourceTitle "EXT 2009"]
[Source "ChessBase"]
[SourceDate "2008.11.26"]
[SourceVersion "1"]
[SourceVersionDate "2008.11.26"]
[SourceQuality "1"]
[WhiteTeam "Stuttgart Wolfbusch U12"]
[BlackTeam "Baiertal/Schatthausen U12"]
[WhiteTeamCountry "GER"]
[BlackTeamCountry "GER"]

1. d4 d5 2. c4 c6 3. Bf4 Bf5 4. e3 Nf6 5. Nf3 e6 6. Nc3 Nbd7 7. cxd5 exd5 8. Bd3 Be4 9. Bxe4 dxe4 10. Nd2 Bb4 11. 0-0 Bxc3 12. bxc3 0-0 13. Rb1 Rb8 14. Bxb8 Qxb8 15. Qb3 b6 16. c4 Re8 17. h3 Qd6 18. Qb4 c5 19. Qc3 Re6 20. d5 Re5 21. f3 Rg5 22. f4 Rg3 23. Qc2 Rxe3 24. Nb3 Nf8 25. Qf2 Rd3 26. Rfd1 Rxd1+ 27. Rxd1 Ng6 28. f5 Ne5 29. Nd2 Nd3 30. Qe3 Qf4 31. Qxf4 Nxf4 32. Kf2 Kf8 33. h4 Ke7 34. g3 Nd3+ 35. Ke3 Ng4+ 36. Ke2 Nf6 37. Rf1 Kd6 38. Ke3 Ke5 39. Nf3+ Kxf5 40. Ng5+ Kg4 41. Nxe4 Nxe4 42. Kxe4 Nb4 43. d6 Kxg3 44. d7 Nc6 45. Kd5 Nd8 46. Kd6 Kxh4 47. Ke7 Nc6+ 48. Kxf7 Kg4 49. Rg1+ Kf5 50. Rxg7 Nd8+ 51. Ke8 Nc6 52. d8Q Nxd8 53. Kxd8 Kf6 54. Rxh7 Ke5 55. Ke7 Kd4 56. Kd6 Kxc4 57. Rxa7 1-0

[Event "NRW U14 op"]
[Site "Olpe"]
[Date "2005.10.04"]
[Round "7.20"]
[White "Suer, Leonard"]
[Black "Doelker, Kai"]
[Result "1-0"]
[WhiteElo "915"]
[BlackElo "868"]
[PlyCount "97"]
[EventDate "2005.10.01"]
[EventType "swiss"]
[EventRounds "7"]
[EventCountry "GER"]
[SourceTitle "CBM 108 Extra"]
[Source "ChessBase"]
[SourceDate "2005.11.04"]
[SourceVersion "1"]
[SourceVersionDate "2005.11.04"]
[SourceQuality "1"]

1. d4 d5 2. c4 c5 3. dxc5 e6 4. cxd5 exd5 5. Bf4 Bxc5 6. e3 Nf6 7. Nc3 Bf5 8. Nf3 Nc6 9. Bd3 Bxd3 10. Qxd3 Nb4 11. Qb5+ Qd7 12. Qxd7+ Nxd7 13. 0-0 0-0 14. a3 Nc2 15. Rac1 d4 16. Rxc2 dxc3 17. Rxc3 Bb6 18. Rd1 Nf6 19. Ne5 Rfd8 20. Rxd8+ Rxd8 21. Rc1 h6 22. h3 Rd2 23. Nc4 Rd5 24. Nxb6 axb6 25. Rc7 Rd2 26. b4 Nd5 27. Rxb7 Ra2 28. Rd7 Nf6 29. Rd6 Rxa3 30. Rxb6 Rb3 31. Bd6 Rb1+ 32. Kh2 Nd5 33. Rb8+ Kh7 34. b5 Kg6 35. Bc5 Kf6 36. b6 Ke6 37. e4 Nb4 38. Bxb4 Rxb4 39. b7 Kd7 40. Rg8 g6 41. Rh8 Rxb7 42. Rxh6 Ke6 43. f3 Rb5 44. f4 Rb4 45. f5+ Kf6 46. fxg6 fxg6 47. Rh4 Kg5 48. Rg4+ Kf6 49. e5+ 1-0

[Event "NRW U14 op"]
[Site "Olpe"]
[Date "2005.10.01"]
[Round "1.17"]
[White "Pliete, Henning"]
[Black "Doelker, Kai"]
[Result "1-0"]
[WhiteElo "1322"]
[BlackElo "868"]
[PlyCount "69"]
[EventDate "2005.10.01"]
[EventType "swiss"]
[EventRounds "7"]
[EventCountry "GER"]
[SourceTitle "CBM 108 Extra"]
[Source "ChessBase"]
[SourceDate "2005.11.04"]
[SourceVersion "1"]
[SourceVersionDate "2005.11.04"]
[SourceQuality "1"]

1. e4 e5 2. Nf3 Nc6 3. Bc4 Bc5 4. Nc3 Nf6 5. d3 d6 6. h3 a6 7. Bg5 Be6 8. Bb3 0-0 9. Qd2 Re8 10. 0-0 Ne7 11. Bxf6 gxf6 12. Nh2 Ng6 13. Qe2 f5 14. exf5 Bxf5 15. Qf3 Be6 16. Ng4 Bxg4 17. Qxf7+ Kh8 18. hxg4 Qe7 19. Qf3 Rf8 20. Qxb7 Rfb8 21. Qe4 Rf8 22. Nd5 Qd7 23. Nf6 Qe7 24. Nd5 Qd7 25. Rad1 Rad8 26. c3 Nf4 27. d4 Nxd5 28. Bxd5 c6 29. Bxc6 d5 30. Qxe5+ Qg7 31. Qxg7+ Kxg7 32. dxc5 Rf6 33. Bxd5 Rfd6 34. cxd6 Rxd6 35. c4 1-0

[Event "Wuerttemberg-ch U10"]
[Site "Friedrichshafen"]
[Date "2005.03.30"]
[Round "4"]
[White "Doelker, Kai"]
[Black "Doering, Stefan"]
[Result "0-1"]
[WhiteElo "799"]
[BlackElo "1046"]
[PlyCount "86"]
[EventDate "2005.03.29"]
[EventType "swiss"]
[EventRounds "7"]
[EventCountry "GER"]
[SourceTitle "EXT 2007"]
[Source "ChessBase"]
[SourceDate "2006.11.23"]
[SourceVersion "1"]
[SourceVersionDate "2006.11.23"]
[SourceQuality "1"]

1. d4 d5 2. Nf3 Bf5 3. Bf4 Nc6 4. e3 e6 5. c4 Nf6 6. Nc3 Bb4 7. a3 Be7 8. Be2 0-0 9. 0-0 Nh5 10. Bd3 Bxd3 11. Qxd3 Nxf4 12. exf4 Na5 13. Nd2 Nc6 14. cxd5 exd5 15. Qb5 Rb8 16. Qxd5 Qxd5 17. Nxd5 Bd6 18. Ne4 Rbd8 19. Rad1 f5 20. Nxd6 Rxd6 21. Ne3 Nxd4 22. Nc4 Ne2+ 23. Kh1 Rxd1 24. Rxd1 Nxf4 25. g3 Ne6 26. Re1 Nc5 27. Na5 f4 28. Re5 fxg3 29. fxg3 Nd3 30. Re7 Rf2 31. Rd7 Rd2 32. Nc4 Nf2+ 33. Kg1 Rxd7 34. Kxf2 b5 35. Ne5 Rd2+ 36. Ke3 Rxb2 37. Nd3 Rxh2 38. Nf4 Ra2 39. Ne6 Rxa3+ 40. Kf4 b4 41. Nd4 b3 42. Nxb3 Rxb3 43. Ke4 a5 0-1